000
00304nam a22001217a 4500
008
160520b xxu||||| |||| 00| 0 eng d
020
_a
9780073381091
020
_a
0073381098
041
_a
eng
080
_a
339.138
245
_a
Advertising and promotion:
_c
Geprge Belch; Michael Belch;
942
_2
udc
_c
BK
999
_c
2307
_d
2307